000 00492nmm a2200169Ia 4500
008 251105s9999||||xx |||||||||||||||||und||
020 _a9789681631185
041 _aspa
100 _aReyes, Alfonso
245 0 _aTrayectoria de Goethe
264 _a[México D.C., Mexico] :
_bFondo de Cultura Económica,
_c2014
300 _a178 páginas
490 _aBreviarios
650 _aGermanic literature and language
856 _uhttps://public.digitaliapublishing.com/a/43617
942 _cCF
999 _c96780
_d96780